|
|
|
|
| LEADER |
01037nam a2200253 a 4500 |
| 001 |
GR-MES15371 |
| 008 |
091203s gr 000 0 eng d |
| 020 |
|
|
|a 1843762226
|
| 040 |
|
|
|a GrPaTEI
|b gre
|c GR-PaULI
|
| 040 |
|
|
|a GrPaTEI
|b gre
|c GR-PaULI
|
| 082 |
|
0 |
|a 333.701 1
|2 22
|
| 245 |
0 |
0 |
|a Modelling in ecological economics ; edited by John Proops ; Paul Safonov.
|
| 260 |
|
|
|a Cheltenham, UK :
|b Edward Elgar,
|c c2005
|
| 300 |
|
|
|a ix, 213 σ. :
|b εικ. ;
|c 24 εκ.
|
| 490 |
0 |
|
|a Current issues in ecological economics
|
| 500 |
|
|
|a Περιλαμβάνει ευρετήριο.
|
| 650 |
|
0 |
|a Enviromental economics
|x Econometric models
|
| 650 |
|
0 |
|a Enviromental economics
|x Methology
|
| 700 |
1 |
|
|a Proops, John L. R.,
|d 1947-
|
| 700 |
1 |
|
|a Safonov, Paul
|
| 942 |
|
|
|2 ddc
|
| 952 |
|
|
|0 0
|1 0
|2 ddc
|4 0
|6 333_701000000000000_1_MOD
|7 0
|9 273162
|a MSLG
|b MSLG
|c BSC
|d 2021-01-17
|e 24
|f 0
|g 0.00
|l 0
|o 333.701 1 MOD
|p 2420000024195
|r 2021-01-17 00:00:00
|t 1
|w 2021-01-17
|y BK15
|x 20091203 0 1
|x GrPaTEI
|
| 971 |
|
|
|a .b25814205
|b 15-04-20
|c 13-09-16
|
| 999 |
|
|
|c 158141
|d 158141
|